| 000 | 01160nam a2200277 i 4500 | ||
|---|---|---|---|
| 001 | 23346 | ||
| 003 | ES-MaACL | ||
| 005 | 20250129092357.0 | ||
| 007 | t| | ||
| 008 | 021210s1962 sp ||||1| spa d | ||
| 080 | _a946.41 M."18/19"(047) | ||
| 080 | _a946"18/19"(047) | ||
| 100 | 1 |
_aAlvarez Angulo, Tomás. _920692 |
|
| 245 | 1 | 0 |
_aMemorias de un hombre sin importancia (1878-1961) / _cTomás Álvarez Angulo ; prólogo de Carlos Blanco Soler. |
| 260 |
_aMadrid : _bAguilar, _c1962. |
||
| 300 |
_a763 p., [7] h. de lám. : _bil. ; _c23 cm. |
||
| 490 | 1 | _aColección literaria. Novelistas, dramaturgos, ensayistas, poetas | |
| 651 | 4 |
_aMadrid- _xHistoria- _yS.XIX- _vRelatos personales. _9155260 |
|
| 651 | 4 |
_aMadrid- _xHistoria- _yS.XX- _vRelatos personales. _98973 |
|
| 651 | 4 |
_aEspaña- _xHistoria- _y1874-1902, Restauración- _vRelatos personales. _9155279 |
|
| 651 | 4 |
_aEspaña- _xHistoria- _yS.XX- _vRelatos personales. _98365 |
|
| 700 | 1 |
_aBlanco Soler, C., _d1894-1962 _929295 |
|
| 830 | 1 |
_aColección literaria. Novelistas, dramaturgos, ensayistas, poetas _9183856 |
|
| 852 |
_aES-MaACL _jC-21416 _bR.49901 |
||
| 999 |
_c23346 _d23346 |
||